00723nam a2200205 i 450000100060000000300090000600500170001500700030003200800410003510000400007624500530011625000120016926000810018130000220026249000280028483000360031285200310034899900170037995201210039627392ES-MaACL20240515063030.0t|030114s1941 mx ||||1| spa d1 aAyala, Francisco,d1906-200992411113aEl problema del liberalismo / cFrancisco Ayala. a1ª ed. aMéxico : bFondo de Cultura Económica, c[1941] (fGráf. Panamericana) a107 p. ; c20 cm.1 aManuales introductorios0 aManuales introductorios9184034 aES-MaACLjD-7876 bR.30395 c27392d27392 00104070aATENEOMbATENEOMcSVId2008-01-17eSCl0oD-7876p901028273r2023-02-23 00:00:00w2023-02-23yMONOGRAFIA